G20 Countries And Leaders - Statistics

General Stats
  • This quiz has been taken 36 times
    24 since last reset
  • The average score is 29 of 38
Answer Stats
Country Type Answer % Correct
Brazil
100%
France
100%
Germany
100%
India
100%
Japan
100%
United Kingdom
100%
United States
100%
Canada
95%
China
95%
Italy
95%
Mexico
95%
Saudi Arabia
95%
South Korea
95%
Argentina
90%
Australia
90%
United States President Joe Biden
90%
Russia
90%
South Africa
90%
France President Emmanuel Macron
85%
China President Xi Jinping
85%
Indonesia
80%
Italy Prime Minister Giorgia Meloni
75%
Argentina President Javier Milei
75%
Canada Prime Minister Justin Trudeau
75%
Brazil President Lula da Silva
75%
Germany Chancellor Olaf Scholz
75%
Russia President Vladimir Putin
75%
India Prime Minister Narendra Modi
70%
Turkey
70%
United Kingdom Prime Minister Keir Starmer
55%
Turkey President Recep Tayyip Erdoğan
55%
Saudi Arabia Crown Prince Mohammed bin Salman
45%
South Africa President Cyril Ramaphosa
40%
Mexico President Andrés Manuel López Obrador
35%
Australia Prime Minister Anthony Albanese
35%
Japan Prime Minister Fumio Kishida
30%
Indonesia President Joko Widodo
20%
South Korea President Yoon Suk Yeol
20%
No matching quizzes found
Score Distribution
Percent of People with Each Score
Percentile by Number Answered
Your Score History
You have not taken this quiz since the last reset